• 首页
  • 本馆介绍
  • 公告通知
  • 最新文献
  • 馆藏检索
  • 电子资源
  • 读者导购
  • 参考咨询
  • 我的图书馆
  • 登录
  • 详细信息显示
  • 放入我的书架
  • 预约/预借图书
  • 作者相关作品
  • 分类相关作品
  • 丛书相关作品
  • 出版社相关作品

书目信息

  • 表格格式
  • 工作单格式
  • 卡片格式
题名:
综合布线技术与工程
    
 
作者: 余明辉 主编
分册:  
出版信息: 北京   高等教育出版社  2021
页数: 320页
开本: 28cm
丛书名:
单 册:
中图分类: TP393.03
科图分类:
主题词: 计算机网络--布线--高等职业教育--教材
电子资源:
ISBN: 978-7-04-055722-0
000 01098nam0 2200253 450
001 01215044
005 20210601091657.8
010    @a978-7-04-055722-0@dCNY49.50
100    @a20210601d2021 em y0chiy0120 ea
101 0  @achi
102    @aCN@b110000
105    @aak az 000yy
106    @ar
200 1  @a综合布线技术与工程@9Zong;Zeng He;Ge Bu Xian Ji Shu;Zhu Yu Gong Cheng @f余明辉主编
210    @a北京@c高等教育出版社@d2021
215    @a320页@c图@d28cm
300    @a“十三五”职业教育国家规划教材 iCourse·教材 高等职业教育计算机类课程新形态一体化教材
320    @a有书目
330    @a本书以项目为载体组织教学内容,包括两种项目形式。第一种是以知识为主线编排教学内容的两个知识学习型项目;第二种是任务驱动型项目,按综合布线系统设计-施工-测试验收的工作过程,根据工作任务界线,用设计综合布线系统、安装光缆布线系统等8个项目组织教学内容。本书配套有微课视频、授课用PPT、课程标准、授课计划等数字化学习资源。
606 0  @a计算机网络@x布线@x高等职业教育@j教材
690    @aTP393.03@v5
701  0 @a余明辉@9yu ming hui@4主编
801  0 @aCN@bAzMarc@c20210918
905    @aBZT@dTP393@e204@f1@sTP393/204
    
    综合布线技术与工程/余明辉主编.-北京:高等教育出版社,2021
    320页:图;28cm
    “十三五”职业教育国家规划教材 iCourse·教材 高等职业教育计算机类课程新形态一体化教材
    
    ISBN 978-7-04-055722-0:CNY49.50
    本书以项目为载体组织教学内容,包括两种项目形式。第一种是以知识为主线编排教学内容的两个知识学习型项目;第二种是任务驱动型项目,按综合布线系统设计-施工-测试验收的工作过程,根据工作任务界线,用设计综合布线系统、安装光缆布线系统等8个项目组织教学内容。本书配套有微课视频、授课用PPT、课程标准、授课计划等数字化学习资源。
●
相关链接 在五车中查询图书 在当当中查询图书 在豆瓣中查询图书


正题名:综合布线技术与工程     索取号:TP393/204         预约/预借

序号 登录号 条形码 馆藏地/架位号 状态 备注
山东省滨州职业学院图书馆 欢迎您!
大连网信软件有限公司© 版权所有